| 000 | 00480nam a2200157Ia 4500 | ||
|---|---|---|---|
| 008 | 210719s2007 xx 000 0 und d | ||
| 041 | _aeng | ||
| 082 | _a332.1 DSOR | ||
| 100 | _aDSOUZA (Adelina Jenifer) | ||
| 245 | _aRisk management in corporation bank | ||
| 260 |
_aMangalore _bDepartment of Business Management St Aloysius College _c2007 |
||
| 300 |
_a41 _bHB |
||
| 650 | _aManagement | ||
| 650 | _aProject Reports | ||
| 906 | _abank ; corporation ; in ; management ; Risk | ||
| 999 |
_c214457 _d214457 |
||